000 00479nam a2200169Ia 4500
008 240729s9999 xx 000 0 und d
022 _a1944-446X
245 0 _aChinese Journal of Cancer
260 _aUnited Kingdom
260 _bBMC
650 _a Internal medicine
650 _a Neoplasms. Tumors. Oncology. Including cancer and carcinogens
650 _aMedicine
856 _uhttps://doaj.org/toc/b4965c37e6b043cfa69c6ae46c500462
942 _2ddc
942 _cDOAJEJ
999 _c71711
_d71711
945 _a1
_bMadushi Gamage
_c1
_dMadushi Gamage